Technology and Productivity : (Record no. 12084)
[ view plain ]
| 000 -LEADER | |
|---|---|
| fixed length control field | 01493cam a22003614a 4500 |
| 001 - CONTROL NUMBER | |
| control field | 1685942 |
| 005 - DATE AND TIME OF LATEST TRANSACTION | |
| control field | 20000918093527.0 |
| 008 - FIXED-LENGTH DATA ELEMENTS--GENERAL INFORMATION | |
| fixed length control field | 990405s1999 maua bs 001 0 eng |
| 010 ## - LIBRARY OF CONGRESS CONTROL NUMBER | |
| LC control number | 99028634 |
| 020 ## - INTERNATIONAL STANDARD BOOK NUMBER | |
| International Standard Book Number | 0262122219 (alk. paper) |
| 035 ## - SYSTEM CONTROL NUMBER | |
| System control number | (DLC) 99028634 |
| 040 ## - CATALOGING SOURCE | |
| Original cataloging agency | DLC |
| Transcribing agency | DLC |
| Modifying agency | DLC |
| 042 ## - AUTHENTICATION CODE | |
| Authentication code | pcc |
| 043 ## - GEOGRAPHIC AREA CODE | |
| Geographic area code | a-ko--- |
| 050 00 - LIBRARY OF CONGRESS CALL NUMBER | |
| Classification number | HC470.I52 |
| Item number | L56 1999 |
| 082 00 - DEWEY DECIMAL CLASSIFICATION NUMBER | |
| Classification number | 338.95195 |
| Edition number | 22 |
| Item number | LIM |
| 100 1# - MAIN ENTRY--PERSONAL NAME | |
| Personal name | Lim, Youngil. |
| 9 (RLIN) | 7123 |
| 245 10 - TITLE STATEMENT | |
| Title | Technology and Productivity : |
| Remainder of title | the Korean way of learning and catching up / |
| Statement of responsibility, etc | Youngil Lim. |
| 260 ## - PUBLICATION, DISTRIBUTION, ETC. (IMPRINT) | |
| Place of publication, distribution, etc | Cambridge, Mass. : |
| Name of publisher, distributor, etc | MIT Press, |
| Date of publication, distribution, etc | c1999. |
| 300 ## - PHYSICAL DESCRIPTION | |
| Extent | xx, 241 p. : |
| Other physical details | ill. ; |
| Dimensions | 24 cm. |
| 504 ## - BIBLIOGRAPHY, ETC. NOTE | |
| Bibliography, etc | Includes bibliographical references (p. [207]-224] and indexes. |
| 650 #0 - SUBJECT ADDED ENTRY--TOPICAL TERM | |
| Topical term or geographic name as entry element | Industrial productivity |
| Geographic subdivision | Korea (South) |
| 9 (RLIN) | 7124 |
| 650 #0 - SUBJECT ADDED ENTRY--TOPICAL TERM | |
| Topical term or geographic name as entry element | Industrial policy |
| Geographic subdivision | Korea (South) |
| 9 (RLIN) | 7125 |
| 650 #0 - SUBJECT ADDED ENTRY--TOPICAL TERM | |
| Topical term or geographic name as entry element | Technology |
| Geographic subdivision | Korea (South) |
| 9 (RLIN) | 7126 |
| 650 #0 - SUBJECT ADDED ENTRY--TOPICAL TERM | |
| Topical term or geographic name as entry element | Technology and state |
| Geographic subdivision | Korea (South) |
| 9 (RLIN) | 7127 |
| 650 #0 - SUBJECT ADDED ENTRY--TOPICAL TERM | |
| Topical term or geographic name as entry element | Human capital |
| Geographic subdivision | Korea (South) |
| 9 (RLIN) | 7128 |
| 650 #0 - SUBJECT ADDED ENTRY--TOPICAL TERM | |
| Topical term or geographic name as entry element | Business enterprises |
| Geographic subdivision | Korea (South) |
| 9 (RLIN) | 7129 |
| 650 #0 - SUBJECT ADDED ENTRY--TOPICAL TERM | |
| Topical term or geographic name as entry element | Industrial organization |
| Geographic subdivision | Korea (South) |
| 9 (RLIN) | 7130 |
| 650 #0 - SUBJECT ADDED ENTRY--TOPICAL TERM | |
| Topical term or geographic name as entry element | Free enterprise |
| Geographic subdivision | Korea (South) |
| 9 (RLIN) | 7131 |
| 942 ## - ADDED ENTRY ELEMENTS (KOHA) | |
| Source of classification or shelving scheme | Dewey Decimal Classification |
| Item type | Book - Borrowing |
| Withdrawn status | Item status | Source of classification or shelving scheme | Damaged status | Not for loan | Vendor | Home library | Current library | Shelving location | Date acquired | Source of acquisition | Cost, normal purchase price | Total Checkouts | Total Renewals | Full call number | Barcode | Date last seen | Date last borrowed | Koha item type |
|---|---|---|---|---|---|---|---|---|---|---|---|---|---|---|---|---|---|---|
| Dewey Decimal Classification | Alef-Baa | Central Library | Central Library | First floor | 29/06/2009 | 150.00 | 5 | 62 | 338.95195 LIM | 000017181 | 15/07/2025 | 20/10/2024 | Book - Borrowing |